| 000 -LEADER |
| fixed length control field |
01518nam a22003617a 4500 |
| 001 - CONTROL NUMBER |
| control field |
4679613 |
| 003 - CONTROL NUMBER IDENTIFIER |
| control field |
OSt |
| 005 - DATE AND TIME OF LATEST TRANSACTION |
| control field |
20210414110019.0 |
| 008 - FIXED-LENGTH DATA ELEMENTS--GENERAL INFORMATION |
| fixed length control field |
811019s1982 enk 000 1 eng |
| 010 ## - LIBRARY OF CONGRESS CONTROL NUMBER |
| LC control number |
81016982 |
| 020 ## - INTERNATIONAL STANDARD BOOK NUMBER |
| International Standard Book Number |
0192815849 (U.S. : pbk.) |
| 040 ## - CATALOGING SOURCE |
| Original cataloging agency |
DLC |
| Transcribing agency |
DLC |
| Modifying agency |
DLC |
| Language of cataloging |
eng |
| 041 ## - LANGUAGE CODE |
| Language code of text/sound track or separate title |
eng |
| Language code of original |
rus |
| 050 00 - LIBRARY OF CONGRESS CALL NUMBER |
| Classification number |
PG3366.A15 |
| Item number |
M38 1982 |
| 080 ## - UNIVERSAL DECIMAL CLASSIFICATION NUMBER |
| Universal Decimal Classification number |
821.111 |
| Item number |
T-71 |
| 082 00 - DEWEY DECIMAL CLASSIFICATION NUMBER |
| Classification number |
891.73/3 |
| Edition number |
19 |
| 100 1# - MAIN ENTRY--PERSONAL NAME |
| Personal name |
Tolstoy, Leo, |
| Titles and words associated with a name |
graf, |
| Dates associated with a name |
1828-1910. |
| 240 10 - UNIFORM TITLE |
| Uniform title |
Short stories. |
| Form subheading |
Selections. |
| Language of a work |
English |
| 245 14 - TITLE STATEMENT |
| Title |
The raid and other stories / |
| Statement of responsibility, etc. |
Leo Tolstoy ; translated by Louise and Aylmer Maude ; with an introduction by P.N. Furbank. |
| Remainder of title |
; / by Oxford University Press |
| 260 ## - PUBLICATION, DISTRIBUTION, ETC. |
| Place of publication, distribution, etc. |
Oxford ; |
| -- |
New York |
| Name of publisher, distributor, etc. |
Oxford University Press |
| Date of publication, distribution, etc. |
1982. |
| 300 ## - PHYSICAL DESCRIPTION |
| Extent |
xiv, 286 p. |
| Dimensions |
19 cm. |
| 365 ## - TRADE PRICE |
| Price amount |
4.99 usd |
| 440 #4 - SERIES STATEMENT/ADDED ENTRY--TITLE |
| Title |
The World's classics |
| 505 0# - FORMATTED CONTENTS NOTE |
| Formatted contents note |
The raid -- Sevastopol in May 1855 -- Two hussars -- Albert -- What men live by -- Master and man -- How much land does a man need? -- The death of Ivan Ilych -- The three hermits. |
| 600 10 - SUBJECT ADDED ENTRY--PERSONAL NAME |
| Personal name |
Tolstoy, Leo, |
| Titles and other words associated with a name |
graf, |
| Dates associated with a name |
1828-1910 |
| General subdivision |
Translations into English. |
| 650 #0 - SUBJECT ADDED ENTRY--TOPICAL TERM |
| 9 (RLIN) |
254 |
| Topical term or geographic name entry element |
English literature |
| 653 ## - INDEX TERM--UNCONTROLLED |
| Uncontrolled term |
ინგლისური ლიტერატურა |
| 700 1# - ADDED ENTRY--PERSONAL NAME |
| Personal name |
Maude, Louise, |
| Dates associated with a name |
1855-1939. |
| Relator term |
Translator |
| 700 1# - ADDED ENTRY--PERSONAL NAME |
| Personal name |
Maude, Aylmer, |
| Dates associated with a name |
1858-1938. |
| Relator term |
Translator |
| 856 42 - ELECTRONIC LOCATION AND ACCESS |
| Materials specified |
Publisher description |
| Uniform Resource Identifier |
<a href="http://www.loc.gov/catdir/enhancements/fy0639/81016982-d.html">http://www.loc.gov/catdir/enhancements/fy0639/81016982-d.html</a> |
| 906 ## - LOCAL DATA ELEMENT F, LDF (RLIN) |
| a |
7 |
| b |
cbc |
| c |
orignew |
| d |
1 |
| e |
ocip |
| f |
19 |
| g |
y-gencatlg |
| 942 ## - ADDED ENTRY ELEMENTS (KOHA) |
| Source of classification or shelving scheme |
|
| Koha item type |
Books |